Recycling /
Guardado en:
| Autor Principal: | |
|---|---|
| Formato: | Libro |
| Publicado: |
Oxford :
Oxford,
1998
|
| Materias: | |
| Etiquetas: |
Agregar Etiqueta
Sin Etiquetas, Sea el primero en etiquetar este registro!
|
| LEADER | 00468nam a22001815a 4500 | ||
|---|---|---|---|
| 001 | CEM.cems016537 | ||
| 005 | 20111011122528.0 | ||
| 008 | 130507s1998##################000#0#####d | ||
| 003 | CEMS | ||
| 020 | |a 0194228061 | ||
| 082 | 0 | 4 | |a 428.64 |
| 100 | 1 | |a Border, Rosemary | |
| 245 | 1 | 0 | |a Recycling / |c Rosemary Border |
| 260 | |a Oxford : |b Oxford, |c 1998 | ||
| 300 | |a 30 p. | ||
| 653 | |a Recycle | ||
| 653 | |a Reciclaje | ||
| 859 | |a CEMS |b BIB. CEMS - Agricultura |h 428.64 |i B644 |p A0265.00 |t Ej.1 | ||
